| 000 -LEADER |
| fixed length control field |
01904cam a2200409 a 4500 |
| 001 - CONTROL NUMBER |
| control field |
614925 |
| 005 - DATE AND TIME OF LATEST TRANSACTION |
| control field |
20170204153825.0 |
| 008 - FIXED-LENGTH DATA ELEMENTS--GENERAL INFORMATION |
| fixed length control field |
920420s1992 nyua bc 001 0 eng |
| 010 ## - LIBRARY OF CONGRESS CONTROL NUMBER |
| LC control number |
92016158 |
| 020 ## - INTERNATIONAL STANDARD BOOK NUMBER |
| International Standard Book Number |
1878271652 (cloth) : |
| Terms of availability |
$65.00 |
| 020 ## - INTERNATIONAL STANDARD BOOK NUMBER |
| International Standard Book Number |
1878271660 (pbk.) : |
| Terms of availability |
$40.00 |
| 050 00 - LIBRARY OF CONGRESS CALL NUMBER |
| Classification number |
N6831.5 .C8C47 1992 |
| 130 0# - MAIN ENTRY--UNIFORM TITLE |
| Uniform title |
Český kubismus. |
| Language of a work |
English. |
| 245 10 - TITLE STATEMENT |
| Title |
Czech cubism : |
| Remainder of title |
architecture, furniture, and decorative arts, 1910-1925 / |
| Statement of responsibility, etc. |
edited by Alexander von Vegesack, with texts by Milena B. Lamarová ... [et al.]. |
| 260 ## - PUBLICATION, DISTRIBUTION, ETC. (IMPRINT) |
| Place of publication, distribution, etc. |
New York, N.Y. : |
| Name of publisher, distributor, etc. |
Princeton Architectural Press, |
| Date of publication, distribution, etc. |
c1992. |
| 300 ## - PHYSICAL DESCRIPTION |
| Extent |
337 p. : |
| Other physical details |
ill. (some col.) ; |
| Dimensions |
31 cm. |
| 500 ## - GENERAL NOTE |
| General note |
Translation of: Český kubismus. |
| 500 ## - GENERAL NOTE |
| General note |
"This exhibition was prepared by the Museum of Decorative Arts, Prague, in collaboration with the National Technical Museum, Prague, and the Vitra Design Museum, Weil am Rhein, Germany"--T.p. verso. |
| 500 ## - GENERAL NOTE |
| General note |
Held at the Museum of Decorative Arts, Prague, May 16, 1991-June 30, 1991, and other museums. |
| 504 ## - BIBLIOGRAPHY, ETC. NOTE |
| Bibliography, etc |
Includes bibliographical references (p. 331-333) and index. |
| 650 #0 - SUBJECT ADDED ENTRY--TOPICAL TERM |
| Topical term or geographic name as entry element |
Cubism |
| Geographic subdivision |
Czechoslovakia |
| Form subdivision |
Exhibitions. |
| 650 #0 - SUBJECT ADDED ENTRY--TOPICAL TERM |
| Topical term or geographic name as entry element |
Art, Czech |
| Chronological subdivision |
20th century |
| Form subdivision |
Exhibitions. |
| 700 1# - ADDED ENTRY--PERSONAL NAME |
| Personal name |
Vegesack, Alexander von. |
| 700 1# - ADDED ENTRY--PERSONAL NAME |
| Personal name |
Lamarová, Milena. |
| 710 2# - ADDED ENTRY--CORPORATE NAME |
| Corporate name or jurisdiction name as entry element |
Uměleckoprůmyslové muzeum v Praze. |
| 710 2# - ADDED ENTRY--CORPORATE NAME |
| Corporate name or jurisdiction name as entry element |
Národní technické muzeum v Praze. |
| 710 2# - ADDED ENTRY--CORPORATE NAME |
| Corporate name or jurisdiction name as entry element |
Vitra Design Museum. |
| 942 ## - ADDED ENTRY ELEMENTS (KOHA) |
| Source of classification or shelving scheme |
|
| Koha item type |
Hard Covered Materials |